| 000 | 00771nam a22002417a 4500 | ||
|---|---|---|---|
| 003 | UA-OsUOA | ||
| 001 | 50453 | ||
| 007 | ta | ||
| 008 | 20071119b un ||||| |||| 00| 0 ukr d | ||
| 100 | _aКоготков Д. Я. | ||
| 090 |
_a01(075.8) _bК57 |
||
| 942 | _cBK | ||
| 040 |
_aUA-OsUOA _brus _cUA-OsUOA _dUA-OsUOA |
||
| 245 |
_aБиблиографическая деятельность библиотеки:организация, управление, технология _bУчебник |
||
| 300 | _a304 с. | ||
| 955 | _a2 | ||
| 041 | _arus | ||
| 080 | _a01(075.8) | ||
| 020 | _a5-93913-052-6 | ||
| 260 |
_aСПб _bПРОФЕССИЯ _c2003 |
||
| 650 | 7 |
_a01 Бібліографія і бібліографії. Каталоги _2UDC |
|
| 999 |
_c336454 _d336454 |
||